03289cam a22004814i 4500003000900000005001700009008004100026020001500067020001800082035002000100040003300120049000900153082002300162245009200185264006300277300003600340336002100376337002500397338002300422505140400445526001001849526001001859526001001869526001001879526000801889526000801897526000801905526000801913526000801921526000801929526000801937650004201945700002601987700002802013910002802041596000602069942001402075999015802089999016102247980005502408952017202463952017202635PE-LiUPU20250731172907.0170126s2016 miu rb 001 0 eng d a0802872891 a9780802872890 a(Sirsi) a166592 aPE-LiUPUbspacPE-LiUPUerda aPRUA04a229.92052bN4922300aNew Testament apocrypha :bmore noncanonical scriptures /cTony Burke and Brent Landau.1 aMichigan :bWilliam B. Eerdmans Publishing Company,c2016. a585 páginas ;c25 centimetros atext2rdacontent aunmediated2rdamedia avolume2rdacarrier04aVolume I. Foreword: The endurance of the Christian apocrypha / J. K. Elliott -- I. Gospels and related traditions of New Testament Figures. The Legend of Aphroditianus ; The Revelation of the Magi ; The Hopsitality of Dysmas -- The Infancy Gospel of Thomas (Syriac) ; On the Priesthood of Jesus ; Papyrus Oxyrhynchus 210 ; Papyrus Oxyrhunchus 5072 ; The Dialogue of the Paralytic with Christ ; The Toledot Yeshu (Aramaic Fragment) ; The Berlin-Strasbourg Apocryphon ; The Discourse of the Savior and the Dance of the Savior ; An Encomium on Mary Magdalene ; The Encomium on John the Baptist ; The Life and Martyrdom of John the Baptist ; The Life of John the Baptist by Serapion / The Legend of the thirty Pieces of Silver ; The Death of Judas according to Papias -- II. Apocryphal Acts and Related Traditions. The Acts of Barnabas ; The Acts of Cornelius the Centurion ; John and the Robber ; The History of Simon Cephas, the Chief of the Apostles ; The Acts of Timothy ; The Acts of Titus ; The Life and Conduct of the Holy Women Xanthippe, Polyxena, and Rebecca -- III. Epistles. The Epistle of Chirst in Heaven ; The Epistles of Pseudo-Dionysius the Areopagite to Timothy concerning the Deaths of the Apostles Peter and Paul -- IV. Apocalypses. The (Latin) Revelation of John about Antichrist ; The Apocalypse of the Virgin ; The Tiburtine Sibyl ; The Investiture of Abbaton, the Angel of Death. aSEG42 aSEG41 aSEG40 aSEG39 aP94 aP87 aP86 aP85 aP77 aP76 aP3504aNuevo testamento, libros apócrifos.1 aBurke, Tony,eeditor.1 aLandau, Brent,eeditor. adbmbkslcksld20171220 a1 2ddccBOOK a229.92052 N49wLCc15333i75294f2021-11-9g5lCCODEBUL1mBULp75.00r0sYtBOOKu2017-1-26xTEOLOGIAPP850COMPRAo.STAFF. Colección Teologíad15333 a229.92052 N49wLCc2i77715d2018-5-2f2021-11-9g4lCCODEBUL1mBULp45.10q1r0sYtBOOKu2017-12-20xTEOLOGIAPP850COMPRAo.STAFF. Colección Teología 81gALBERTO SANCHEZ Responsable de Automatización r2025-12-03 00:00:00i6l0o229.92052 N49p75294te1v80.00w2017-01-26xPGyBKzinventario-2023-12-13102ddc50708GENfP85aBULbBULcGENd2017-01-26eCOMPRAg75.00 r2025-12-03 00:00:00i5l0o229.92052 N49p77715te2v50.10w2017-12-20xPGyBKzinventario-2023-12-13102ddc50708GENfP85aBULbBULcGENd2017-12-20eCOMPRAg45.10